Taylor Swift - guess the song with no hints ⭒10 - Statistics

General Stats
  • This quiz has been taken 2,812 times
  • The average score is 207 of 326
Answer Stats
Answer % Correct
I
100%
a
97%
you,
97%
you
97%
The
95%
the
95%
me
91%
and
89%
And
89%
It
86%
it
86%
to
85%
in
84%
my
84%
When
84%
when
84%
You're
84%
you're
84%
do
83%
no
78%
of
78%
was
78%
I'm
77%
So
77%
so
77%
that
77%
wear
77%
Like
73%
like
73%
all
68%
don't
68%
There
67%
But
66%
could
65%
am
64%
one
64%
think
64%
Think
64%
by
63%
Just
62%
as
61%
can't
61%
(Oh
61%
oh,
61%
oh
61%
oh)
61%
(Oh,
61%
Oh,
61%
(Oh)
61%
(oh,
61%
Oh
61%
Now
58%
down
57%
never
57%
because
55%
that's
54%
any
53%
back
52%
came
51%
clean
51%
clean,
51%
very
51%
finally
50%
Finally
50%
Gone
50%
thing
50%
over
49%
Rain
49%
worst
49%
mean
48%
nothing
48%
morning
46%
pouring
46%
breathe
45%
miss
45%
months
45%
trace
45%
dress
44%
drowning,
44%
still
44%
won't
44%
give
43%
gonna
43%
left
43%
Said,
43%
together
43%
we'd
43%
died
42%
drought
42%
forth
42%
Ten
42%
flowers
41%
must
41%
thirst
41%
admit
40%
anymore
40%
grown
40%
storm
40%
perfect
39%
sober,
39%
wine
39%
head
38%
lost
38%
room
38%
sky
38%
stained
38%
heard
37%
older,
37%
risk
37%
turned
37%
black
35%
war
34%
away
33%
hole
33%
Let
33%
loud
33%
punched
33%
roof
33%
screamed
33%
water
33%
whole
33%
pictures
32%
covered
31%
dust
31%
filled
30%
lungs,
30%
Hung
29%
carry
27%
butterflies
26%
flood
26%
No matching quizzes found
Score Distribution
Percent of People with Each Score
Percentile by Number Answered
Your Score History
You have not taken this quiz